Visualizzazione normale
Vista MARC
- Collana Nuovissima Versione B. - 2° n. di copie a parte
di Personal Name
Records bibliografici associati: 1
001 - CONTROL NUMBER
- control field: 34044
003 - CONTROL NUMBER IDENTIFIER
- control field: IT-RoPau
005 - DATE AND TIME OF LATEST TRANSACTION
- control field: 20141013093225.0
008 - FIXED-LENGTH DATA ELEMENTS
- fixed length control field: 141013|| aca||aabn | a|a d
040 ## - CATALOGING SOURCE
- Original cataloging agency: IT-RoPau
- Transcribing agency: IT-RoPau
100 ## - HEADING--PERSONAL NAME
- Personal name: Collana Nuovissima Versione B. - 2° n. di copie a parte
670 ## - SOURCE DATA FOUND
- Source citation: Work cat.: (IT-RoPau)3296: Martini, Carlo Maria 2183, Atti degli Apostoli, 1992